000 00882nam a2200193Ia 4500
003 GCL
008 140319s9999 xx 000 0 ara d
040 _aGCL /
_cGCL
082 0 4 _a263.5
_bع ط
100 1 _aمحمود محمود الغراب
245 1 0 _aالطريق الى الله تعالى :
_bالشيخ و المريد من كلام الشيخ الاكبر محى الدين ابن عربى /
_cمحمود محمود الغراب
700 1 _aابن العربى : محيى الدين ابو بكر محمد بن على بن محمد بن احمد بن عبدالله الحاتمى الطائى الاندلسى
260 _aالقاهرة :
_bدار الايمان ،
_c1991
300 _a223 ص ؛
_c24 سم
650 0 4 _aالاسلام
650 0 4 _aالاسلام والعلم
650 0 4 _aالتصوف - مدرسة وحدة الوجود
942 _2ddc
_cBK
999 _c43779
_d43779